[Event "Challenge"]
[Site "http://www.queenalice.com/game.php?id=1832738"]
[Date "2024.3.4"]
[Round "-"]
[White "okiwiz"]
[Black "Chsilva"]
[Result "1-0"]
[WhiteElo "1568"]
[BlackElo "1704"]

1. d4 d5 2. e3 Nf6 3. Bd3 Nc6 4. c3 Bg4 5. f3 Bh5 6. Nh3 Bg6 7. Nf4 Bxd3 8. Nxd3
g6 9. Nd2 Bg7 10. O-O O-O 11. f4 Na5 12. Ne5 Nd7 13. Ndf3 Nxe5 14. Nxe5 Nc6 15.
Bd2 Nxe5 16. fxe5 e6 17. Be1 Qg5 18. Qe2 a6 19. Bg3 b5 20. Bf4 Qe7 21. Rf3 c5
22. Raf1 cxd4 23. exd4 a5 24. Bc1 b4 25. c4 dxc4 26. Qxc4 Rfc8 27. Qe2 a4 28.
Rxf7 Qh4 29. Qf2 Qe4 30. Rxg7+ Kxg7 31. Qf6+ Kg8 32. Bh6 Qxd4+ 33. Kh1 Qd7 34.
h4 Qe8 35. Qg7# 1-0

[Event "Challenge"]
[Site "http://www.queenalice.com/game.php?id=1834048"]
[Date "2024.3.23"]
[Round "-"]
[White "Chsilva"]
[Black "okiwiz"]
[Result "1-0"]
[WhiteElo "1704"]
[BlackElo "1638"]

1. e4 b6 2. Nc3 Bb7 3. Qf3 e6 4. b3 g6 5. Bb2 Bg7 6. O-O-O Ne7 7. d4 d6 8. Nh3
Nf5 9. d5 Nh4 10. Qf4 Be5 11. Qe3 exd5 12. Nxd5 Bxb2+ 13. Kxb2 Nd7 14. Qd4 Bxd5
15. Qxh8+ Nf8 16. exd5 Nf5 17. Bb5+ Ke7 18. Rhe1+ Ne6 19. Qxh7 Ng7 20. Ng5 Qh8
21. dxe6 Nxe6+ 22. Kb1 Qf6 23. Qxf7+ Qxf7 24. Nxf7 Kxf7 25. Bd7 Nc5 26. Bc6 Rh8
27. h3 Na6 28. Rd4 Nb8 29. Rf4+ Kg7 30. Re7+ Kg8 31. Bd5# 1-0

[Event "Challenge"]
[Site "http://www.queenalice.com/game.php?id=1835101"]
[Date "2024.4.14"]
[Round "-"]
[White "okiwiz"]
[Black "Chsilva"]
[Result "1-0"]
[WhiteElo "1636"]
[BlackElo "1722"]

1. d4 d5 2. e3 Nf6 3. Bd3 g6 4. Nd2 Bg7 5. f4 Bg4 6. Ngf3 Nc6 7. c3 O-O 8. Qb3
a6 9. O-O b5 10. Ne5 Nxe5 11. fxe5 Nd7 12. Qxd5 Be6 13. Qf3 Nb6 14. b3 Nd5 15.
Bb2 Bh6 16. Rae1 Qd7 17. Be4 f5 18. c4 fxe4 19. Qxe4 Bf5 20. Qxd5+ Qxd5 21. cxd5
Bd3 22. Rf3 Rad8 23. Rh3 Kg7 24. d6 cxd6 25. exd6 Bg5 26. Nf3 Bf6 27. dxe7 Bxe7
28. Ne5 g5 29. Nxd3 g4 30. Rg3 h5 31. Nf4 Rd6 32. Nxh5+ Kh6 33. Nf4 Bh4 34. Ba3
Rfd8 35. Bxd6 Rxd6 36. Ne2 Bxg3 37. Nxg3 a5 38. Nf5+ Kg5 39. Nxd6 Kf6 40. Nxb5
Kf5 41. d5 Kf6 42. Kf2 Ke7 43. Kg3 Kd7 44. Kxg4 1-0

[Event "AUTO-ADV-4782"]
[Site "http://www.queenalice.com/game.php?id=1835208"]
[Date "2024.4.16"]
[Round "1"]
[White "Carlos19"]
[Black "Chsilva"]
[Result "0-1"]
[WhiteElo "1698"]
[BlackElo "1701"]

1. e4 d5 2. d3 Nc6 3. exd5 Qxd5 4. Nc3 Qe6+ 5. Nge2 Nd4 6. Ne4 Qe5 7. Bf4 Qd5 8.
N2c3 Qa5 9. Bd2 Qb6 10. b3 Nf6 11. Be3 Ng4 12. Qxg4 Bxg4 13. Kd2 O-O-O 14. h3
Bf5 15. g4 Bxe4 16. Nxe4 Qa5+ 17. Kc1 Nf3 18. h4 g6 19. Rh3 Qe1+ 20. Kb2 Bg7+
21. c3 Qxa1+ 22. Ka3 Ne5 23. Rh1 Nxd3 24. Nc5 Nxc5 25. Bxc5 Bxc3 26. Bxe7 Qb2+
27. Ka4 Rd4+ 28. Kb5 c6+ 29. Kc5 Qa3+ 0-1

[Event "AUTO-ADV-4782"]
[Site "http://www.queenalice.com/game.php?id=1835209"]
[Date "2024.4.16"]
[Round "1"]
[White "Chsilva"]
[Black "Carlos19"]
[Result "0-1"]
[WhiteElo "1724"]
[BlackElo "1717"]

1. e4 e5 2. Qf3 Qf6 3. Qc3 Nc6 4. a3 b6 5. Bb5 Bc5 6. Ne2 Qxf2+ 7. Kd1 Qxg2 8.
Re1 Bf2 9. Bxc6 dxc6 10. Qxc6+ Bd7 11. Qxa8+ Ke7 12. Nbc3 Bxe1 13. Nd5+ Kd6 14.
c3 Qh1 15. Qxa7 Bh4+ 16. Ng1 Bg4+ 17. Kc2 Qxe4+ 18. Kb3 Bd1+ 19. Ka2 Qxd5+ 20.
b3 Qxb3# 0-1

[Event "AUTO-ADV-4782"]
[Site "http://www.queenalice.com/game.php?id=1835220"]
[Date "2024.4.16"]
[Round "1"]
[White "oniwa"]
[Black "Chsilva"]
[Result "0-1"]
[WhiteElo "2046"]
[BlackElo "1777"]

1. d4 d5 2. c4 Nf6 3. Bf4 Nc6 4. Nc3 dxc4 5. Nb5 Nd5 6. Bg3 Bf5 7. e3 a6 8. Nc3
Ndb4 9. e4 Nxd4 10. Rc1 Bg6 11. Qa4+ Ndc6 12. Rd1 Nd3+ 13. Bxd3 cxd3 14. Nd5 e5
15. f3 b5 16. Qb3 Nb4 17. Nxb4 Bc5 18. Nc6 Qd6 19. Nxe5 d2+ 20. Rxd2 Bb4 21. Nd3
Bxd2+ 22. Kxd2 Qd7 23. Ne2 c5 24. Qc3 c4 25. Nc1 O-O 26. Kc2 cxd3+ 27. Nxd3 Rac8
28. Nc5 Rxc5 29. Qxc5 Rc8 30. Qxc8+ Qxc8+ 31. Kb1 f5 32. Rc1 Qe6 33. Rd1 fxe4
34. Rd8+ Kf7 35. Rd6 exf3+ 36. Ka1 Qxd6 37. Bxd6 f2 0-1

[Event "AUTO-ADV-4782"]
[Site "http://www.queenalice.com/game.php?id=1835221"]
[Date "2024.4.16"]
[Round "1"]
[White "Chsilva"]
[Black "oniwa"]
[Result "0-1"]
[WhiteElo "1765"]
[BlackElo "2096"]

1. e4 e5 2. Nf3 Nc6 3. Bb5 a6 4. Bxc6 dxc6 5. Nxe5 Qd4 6. Nxf7 Qxe4+ 7. Kf1 Qc4+
8. d3 Qxf7 9. Qe2+ Be7 10. Nc3 Nf6 11. Bf4 O-O 12. Bxc7 Re8 13. Na4 Bd6 14. Qd2
Bxc7 15. Nc3 Ng4 16. Ne4 Nxh2+ 17. Kg1 Ng4 18. g3 Ne5 19. Ng5 Qg6 20. Re1 h6 21.
Nh3 Nf3+ 22. Kg2 Nxd2 23. Rxe8+ Qxe8 24. Ng1 Qf7 25. Rh4 Qxa2 26. b4 Qd5+ 27.
Kh2 Nf1# 0-1

[Event "AUTO-ADV-4782"]
[Site "http://www.queenalice.com/game.php?id=1835226"]
[Date "2024.4.16"]
[Round "1"]
[White "juim"]
[Black "Chsilva"]
[Result "0-1"]
[WhiteElo "1672"]
[BlackElo "1716"]

1. e4 e5 2. d4 Qe7 3. d5 Qb4+ 4. c3 Qxe4+ 5. Ne2 Nf6 6. f3 Qxd5 7. Bd2 Na6 8.
Ng3 Nc5 9. Be2 Bd6 10. Bg5 Qxd1+ 11. Bxd1 Nd3+ 12. Kf1 Nd5 13. Nd2 f6 14. Be2
Nxb2 15. c4 Nb4 16. Be3 O-O 17. Nh5 g6 18. Ng3 b6 19. Nge4 Be7 20. Rb1 N2d3 21.
a3 Nc2 22. Bf2 Nf4 23. Ra1 Nxa1 24. Bd1 Bxa3 25. Be3 Bb4 26. Ba4 c6 27. Kf2 Ba6
28. Rxa1 b5 29. cxb5 cxb5 30. Bb3+ Kg7 31. Rxa6 Nd3+ 32. Ke2 Nc1+ 33. Kf2 Bxd2
34. Bxd2 Nxb3 35. Bb4 Rfc8 36. Be7 f5 37. Nd6 Rc2+ 38. Kg3 b4 39. Nb5 Nc5 40.
Rd6 e4 41. Nd4 b3 42. Nxc2 bxc2 43. Bg5 a5 44. Rd4 h6 45. Be3 Nb3 46. Rc4 c1=Q
47. Bxc1 Nxc1 48. Rxc1 Kf6 49. Kf4 g5+ 50. Kg3 exf3 51. Kxf3 a4 52. Ra1 a3 53.
Ke3 Ra4 54. Kd3 d5 55. Kc3 d4+ 56. Kd3 f4 57. Ra2 Kf5 58. g3 f3 59. h3 h5 60.
Ra1 a2 61. Kd2 Ra3 62. Ke1 d3 63. Kd2 Ke4 64. g4 hxg4 65. hxg4 f2 0-1

[Event "AUTO-ADV-4782"]
[Site "http://www.queenalice.com/game.php?id=1835227"]
[Date "2024.4.16"]
[Round "1"]
[White "Chsilva"]
[Black "juim"]
[Result "1-0"]
[WhiteElo "1732"]
[BlackElo "1672"]

1. e4 d5 2. e5 e6 3. d4 g6 4. Nf3 Bb4+ 5. c3 Ba5 6. Qa4+ Nc6 7. Bb5 Ne7 8. Bg5
O-O 9. Bxc6 bxc6 10. Qxa5 Qd7 11. Qc5 Re8 12. Nbd2 Nf5 13. Nb3 a5 14. Nxa5 Ba6
15. Nh4 Nxh4 16. Bxh4 Bb5 17. Qb4 Ra6 18. Qa3 Rea8 19. b4 Bd3 20. Qc1 c5 21.
dxc5 Qb5 22. a3 Be4 23. f3 Bf5 24. Qh6 f6 25. Bxf6 Qd7 26. c6 Qf7 27. O-O g5 28.
Qxg5+ Qg6 29. Qxg6+ Bxg6 30. Rfd1 Bc2 31. Rd4 Kf7 32. a4 Rg8 33. Rf4 Ke8 34. h4
Bd3 35. g4 Rf8 36. h5 h6 37. Rd4 Bh7 38. f4 Bc2 39. g5 hxg5 40. fxg5 Ra8 41. Nb7
Kf7 42. Rg4 Bf5 43. Rg3 Ra7 44. g6+ Ke8 45. g7 Rg8 46. h6 Kf7 47. a5 Raa8 48.
Nc5 Bh7 49. b5 Ke8 50. Nxe6 Ra7 51. Nxc7+ Rxc7 52. b6 Rc8 53. c7 Kd7 54. Re3 Ke6
55. a6 Kd7 56. e6+ Kc6 57. Rb1 Kd6 58. Rb2 Kc6 59. Be5 Rce8 60. b7 Rxe6 61. b8=Q
Rg6+ 62. Rg3 Rxh6 63. Qb7+ Kd7 64. Qxd5+ Kc8 65. a7 Be4 66. Rb8# 1-0

[Event "Challenge"]
[Site "http://www.queenalice.com/game.php?id=1835978"]
[Date "2024.4.30"]
[Round "-"]
[White "Chsilva"]
[Black "okiwiz"]
[Result "1-0"]
[WhiteElo "1698"]
[BlackElo "1684"]

1. e4 e6 2. d4 d5 3. Nc3 Bb4 4. e5 Ne7 5. Nf3 O-O 6. Bd2 Bd7 7. a3 Ba5 8. b4 Bb6
9. a4 a6 10. Be3 Nf5 11. a5 Ba7 12. Bd3 Nxe3 13. fxe3 Qe7 14. O-O Qxb4 15. Nb1
Nc6 16. Bxh7+ Kxh7 17. Ng5+ Kg6 18. Qg4 f5 19. exf6 gxf6 20. Ne4+ Kf7 21. Rxf6+
Ke7 22. Qg7+ Ke8 23. c3 dxe4 24. cxb4 Rxf6 25. Qxf6 Rb8 26. Nd2 Nxb4 27. Qh8+
Ke7 28. Qh7+ Kd6 29. Qxe4 Rg8 30. Qxb7 Bc6 31. Qxb4+ Kd7 32. Nc4 Bxg2 33. Ne5+
Kc8 34. Qe7 Bh3+ 35. Kf2 Rg2+ 36. Kf3 Rb2 37. Qd7+ Kb7 38. Qc6+ Kc8 39. Qxa6+
Kd8 40. Qxa7 Rxh2 41. Kg3 1-0

[Event "Challenge"]
[Site "http://www.queenalice.com/game.php?id=1836658"]
[Date "2024.5.11"]
[Round "-"]
[White "okiwiz"]
[Black "Chsilva"]
[Result "0-1"]
[WhiteElo "1709"]
[BlackElo "1763"]

1. d4 d5 2. e3 Nf6 3. Bd3 Nc6 4. c3 Bg4 5. f3 Bh5 6. Nd2 e5 7. Qb3 b6 8. Ne2
exd4 9. e4 dxe4 10. Nxe4 Be7 11. Ng5 h6 12. Nh3 dxc3 13. Qxc3 Bb4 14. Bb5 Bxc3+
15. Nxc3 O-O 16. Bxc6 Rb8 17. O-O Qd6 18. Ba4 Bg6 19. Rd1 Qc5+ 20. Kh1 a6 21.
Nf4 Bf5 22. Nfe2 b5 23. Bb3 Qb6 24. Ng3 Bc8 25. Nf1 Bb7 26. Be3 Qc6 27. Rd2 Rfd8
28. Rad1 Rxd2 29. Rxd2 b4 30. Ne2 Ne4 31. fxe4 Qxe4 32. Neg3 Qg4 33. Rd4 Qg6 34.
Rxb4 Qd6 35. Rd4 Qg6 36. Rd7 Bxg2+ 37. Kxg2 Qc6+ 38. Rd5 Rxb3 39. axb3 Qxd5+ 40.
Kf2 Qxb3 41. Bd4 c5 42. Bc3 Qc2+ 43. Nd2 Qg6 44. Nde4 c4 45. Nd2 Qb6+ 46. Kf3
Qb5 47. Nge4 f5 48. Ng3 a5 49. Ne2 a4 50. Nd4 Qd5+ 51. Ke3 g6 52. h3 g5 53. N2f3
f4+ 54. Kf2 Qe4 55. Kf1 a3 56. bxa3 Qd3+ 57. Kg2 Qxc3 58. a4 Qb4 59. a5 Qxa5 60.
Kf2 c3 61. Ke2 Qa6+ 62. Kd1 Qd3+ 63. Kc1 c2 64. Nxc2 Qxf3 65. Kd2 Qxh3 66. Ne1
Qe3+ 67. Kd1 f3 68. Nxf3 Qxf3+ 69. Ke1 g4 70. Kd2 Kf7 71. Ke1 Ke6 72. Kd2 Kd5
73. Ke1 Kd4 74. Kd2 Qe3+ 75. Kc2 Kc4 76. Kd1 Kd4 77. Kc2 Qd3+ 78. Kc1 Kc4 79.
Kb2 Qc3+ 80. Kb1 Qd2 81. Ka1 Kb3 82. Kb1 Qb2# 0-1

[Event "Challenge"]
[Site "http://www.queenalice.com/game.php?id=1838925"]
[Date "2024.6.20"]
[Round "-"]
[White "Chsilva"]
[Black "okiwiz"]
[Result "1-0"]
[WhiteElo "1788"]
[BlackElo "1693"]

1. e4 e6 2. d4 d5 3. Bd3 Be7 4. Qg4 Bf8 5. e5 Nc6 6. Bg5 Nce7 7. Nc3 Bd7 8. Nge2
Bc6 9. O-O Qd7 10. b3 O-O-O 11. Bd2 Nh6 12. Bxh6 gxh6 13. Nf4 Ng6 14. Nh5 Be7
15. a3 Rhg8 16. b4 Nxe5 17. Qe2 Rg5 18. f4 Nxd3 19. fxg5 Nb2 20. gxh6 Bg5 21.
Qe5 Bd2 22. Nf6 Qe7 23. Nd1 Nc4 24. Qh5 Ba4 25. Nxh7 Bxc2 26. Rxf7 Qd6 27. Nf6
Rh8 28. h7 Bf5 29. Rg7 Bxh7 30. Rxh7 Rxh7 31. Qe8+ Qd8 32. Qxe6+ Kb8 33. Nxh7 a6
34. Nf6 Bf4 35. Qxd5 Qxd5 36. Nxd5 Bd6 37. N1c3 Nd2 38. Rd1 Nc4 39. a4 c6 40.
Nf6 Bxb4 41. Nce4 a5 42. Rb1 Kc7 43. d5 Ba3 44. Ne8+ Kd7 45. N4f6+ Ke7 46. Rxb7+
Kf8 47. dxc6 Bc5+ 48. Kf1 Ne3+ 49. Ke2 Nxg2 50. c7 Nf4+ 51. Kf3 Ne6 52. c8=Q
Nd4+ 53. Ke4 Be7 54. Qc4 Nc6 55. Qg8# 1-0

[Event "AUTO-ADV-4796"]
[Site "http://www.queenalice.com/game.php?id=1839341"]
[Date "2024.6.28"]
[Round "1"]
[White "Chsilva"]
[Black "Canaye14"]
[Result "0-1"]
[WhiteElo "1792"]
[BlackElo "1960"]

1. e4 e6 2. d4 d5 3. Bd3 c5 4. Nf3 Nc6 5. dxc5 Bxc5 6. O-O Nge7 7. exd5 exd5 8.
Ng5 f5 9. Nc3 O-O 10. Qf3 h6 11. Nh3 Ne5 12. Qg3 Nxd3 13. Qxd3 a6 14. Qg3 Bd6
15. Qf3 Be6 16. Nf4 Bf7 17. Nce2 Rc8 18. Nd4 Rc4 19. c3 Bxf4 20. Qxf4 Re8 21.
Qg3 Qc7 22. Bf4 Qb6 23. Bxh6 Qxh6 24. b3 Rcc8 25. Qf3 Bh5 26. Qe3 Qxe3 27. fxe3
Rxc3 28. Nxf5 Nxf5 29. Rxf5 Bg6 30. Rxd5 Rcxe3 31. Rd7 R8e7 32. Rxe7 Rxe7 33. a4
Re3 34. b4 Rb3 35. b5 axb5 36. axb5 Rxb5 37. Ra8+ Kh7 38. Rb8 Be4 39. g4 Rb2 40.
g5 Rg2+ 41. Kf1 Rxg5 42. Re8 Bc6 43. Re7 Kg6 44. Kf2 Rg2+ 45. Ke3 Rxh2 46. Kf4
Rg2 47. Re6+ Kh5 48. Re5+ g5+ 49. Kf5 g4 50. Kf4+ Kh4 51. Kf5 Rf2+ 52. Kg6 Kh3
53. Kg5 g3 54. Re3 Kh2 55. Kg4 Rf3 56. Rxf3 Bxf3+ 57. Kxf3 g2 58. Ke4 g1=Q 59.
Ke5 Kg3 60. Kd5 Kf4 61. Kd6 Qg5 62. Kc7 Qf6 63. Kxb7 Qd6 64. Ka7 Ke4 65. Kb7 Kd5
66. Ka7 Qb4 67. Ka6 Kc6 68. Ka7 Qb7# 0-1

[Event "AUTO-ADV-4796"]
[Site "http://www.queenalice.com/game.php?id=1839342"]
[Date "2024.6.28"]
[Round "1"]
[White "Canaye14"]
[Black "Chsilva"]
[Result "1-0"]
[WhiteElo "2003"]
[BlackElo "1804"]

1. d4 e6 2. Nf3 Nc6 3. Bf4 Nf6 4. c4 Ne4 5. h3 b6 6. e3 h6 7. Bd3 Bb4+ 8. Nbd2
Nxd2 9. Nxd2 O-O 10. O-O Ne7 11. a3 Bxd2 12. Qxd2 c6 13. b4 Bb7 14. c5 bxc5 15.
dxc5 Nd5 16. Bd6 Re8 17. e4 Nf6 18. e5 Nd5 19. Rad1 a5 20. b5 cxb5 21. Bxb5 Nc7
22. Ba4 Bd5 23. Rfe1 Na6 24. Rb1 Rc8 25. Rb5 Bc6 26. Rxa5 Bxa4 27. Rxa6 Bc6 28.
Rb1 Ra8 29. Rab6 Qh4 30. Qd3 Be4 31. Qc4 Qf4 32. Re1 f5 33. exf6 Qxf6 34. Qxe4
Rxa3 35. Qe2 Qg5 36. Qb2 Rxh3 37. Rb8 Kf7 38. Rxe8 Kxe8 39. Re4 Rh5 40. Rf4 Qd5
41. Rf8# 1-0

[Event "AUTO-ADV-4796"]
[Site "http://www.queenalice.com/game.php?id=1839343"]
[Date "2024.6.28"]
[Round "1"]
[White "Chsilva"]
[Black "Jsc"]
[Result "0-1"]
[WhiteElo "1800"]
[BlackElo "2005"]

1. e4 e6 2. d4 d5 3. e5 c5 4. dxc5 Bxc5 5. Qf3 Qb6 6. Nh3 Ne7 7. Ng5 O-O 8. Bd3
f5 9. O-O Nbc6 10. Nc3 Nxe5 11. Qe2 Nxd3 12. cxd3 Bd4 13. Be3 Bxe3 14. fxe3 h6
15. Nf3 Qd6 16. d4 b6 17. Ne5 a6 18. a3 Bb7 19. b4 Kh7 20. Rac1 Rac8 21. Qd2 Ng6
22. Nxg6 Kxg6 23. Na4 Rf7 24. Nb2 Rfc7 25. Nd3 Kh7 26. Rxc7 Rxc7 27. Nf4 g5 28.
Nh5 Qf8 29. h3 Rf7 30. a4 Bc6 31. Qc2 Bb7 32. g4 Qc8 33. Qd3 b5 34. axb5 axb5
35. Qxb5 Ba6 36. Qa5 Bxf1 37. Kxf1 fxg4+ 38. Kg2 Qc2+ 39. Kg3 Qf2+ 40. Kxg4 Qh4#
0-1

[Event "AUTO-ADV-4796"]
[Site "http://www.queenalice.com/game.php?id=1839344"]
[Date "2024.6.28"]
[Round "1"]
[White "Jsc"]
[Black "Chsilva"]
[Result "1-0"]
[WhiteElo "1997"]
[BlackElo "1796"]

1. e4 e5 2. Nf3 Nc6 3. d4 d6 4. d5 Nd4 5. Nxd4 exd4 6. Qxd4 Nf6 7. Bb5+ Bd7 8.
a4 Bxb5 9. axb5 b6 10. O-O Be7 11. c3 O-O 12. Ra6 Nd7 13. Nd2 Bf6 14. Qd3 Nc5
15. Qe2 Nxa6 16. bxa6 Be5 17. f4 Bf6 18. Qb5 h6 19. Nc4 Qe7 20. Re1 g5 21. f5
Be5 22. Qc6 h5 23. Na3 Rfc8 24. Nb5 Qd8 25. Be3 f6 26. Bd4 Bxd4+ 27. cxd4 Kh7
28. Rc1 Kh6 29. e5 fxe5 30. dxe5 g4 31. e6 Kg7 32. Qd7+ Kf6 33. Qf7+ Ke5 34.
Re1+ Kf4 35. g3+ Kf3 36. Nd4# 1-0

[Event "Challenge"]
[Site "http://www.queenalice.com/game.php?id=1840517"]
[Date "2024.7.20"]
[Round "-"]
[White "okiwiz"]
[Black "Chsilva"]
[Result "1-0"]
[WhiteElo "1703"]
[BlackElo "1789"]

1. d4 c5 2. e3 Nf6 3. c3 e6 4. Bd3 cxd4 5. cxd4 Nc6 6. Bd2 a6 7. Bc3 Qb6 8. Nd2
Bb4 9. Rb1 O-O 10. f4 h5 11. Ngf3 Ng4 12. Qe2 f6 13. Nh4 d5 14. O-O f5 15. h3
Nf6 16. Ng6 Rf7 17. Nf3 Bd6 18. Nfe5 Ne7 19. Nxf7 Kxf7 20. Ne5+ Kg8 21. Qe1 Bxe5
22. fxe5 Ne4 23. Bxe4 dxe4 24. Qh4 Nd5 25. Rbe1 g6 26. Kh2 Bd7 27. g4 fxg4 28.
hxg4 Qb5 29. gxh5 Nxe3 30. Rf2 Nf5 31. Qf6 Be8 32. hxg6 Qd7 33. Rxe4 b5 34. Rh4
Qg7 35. Qxe6+ Bf7 36. Qxf7+ Qxf7 37. gxf7+ Kxf7 38. Rxf5+ Ke6 39. Rf6+ Kd5 40.
b3 a5 41. Rd6# 1-0

[Event "Challenge"]
[Site "http://www.queenalice.com/game.php?id=1840696"]
[Date "2024.7.23"]
[Round "-"]
[White "Leanne"]
[Black "Chsilva"]
[Result "0-1"]
[WhiteElo "1314"]
[BlackElo "1787"]

1. e4 e5 2. Nf3 Nc6 3. Nc3 Nf6 4. d4 Bb4 5. Bd2 exd4 6. Nd5 Bxd2+ 7. Qxd2 Nxe4
8. Qe2 f5 9. g3 Ne7 10. Nxe7 Qxe7 11. Nxd4 Qf6 12. Bg2 Qxd4 13. O-O O-O 14. c3
Qb6 15. Qc4+ d5 16. Qxd5+ Be6 17. Qd3 Qxb2 18. Bxe4 fxe4 19. Qxe4 Rfe8 20. Qd3
a6 21. a4 Qb6 22. c4 Qc6 23. Qe2 Bh3 24. Qh5 Qg2# 0-1

[Event "Challenge"]
[Site "http://www.queenalice.com/game.php?id=1840697"]
[Date "2024.7.23"]
[Round "-"]
[White "Chsilva"]
[Black "Leanne"]
[Result "1-0"]
[WhiteElo "1785"]
[BlackElo "1316"]

1. e4 d5 2. Bd3 e5 3. Nf3 dxe4 4. Bxe4 Nc6 5. O-O Bd7 6. c3 Qe7 7. d3 O-O-O 8.
Na3 b6 9. Qa4 Na5 10. Nb5 Bxb5 11. Qxb5 Nf6 12. Bf5+ Kb8 13. Nxe5 Qc5 14. Qxc5
Bxc5 15. Nxf7 g6 16. Bh3 Rdf8 17. Nxh8 Rxh8 18. b4 Bd6 19. bxa5 bxa5 20. g3 Rf8
21. Rb1+ 1-0

[Event "AUTO-OPEN-4539"]
[Site "http://www.queenalice.com/game.php?id=1840800"]
[Date "2024.7.24"]
[Round "1"]
[White "Chsilva"]
[Black "Danado"]
[Result "0-1"]
[WhiteElo "1770"]
[BlackElo "1729"]

1. e4 e5 2. Nf3 d6 3. Nc3 Nf6 4. Bc4 h6 5. d3 Nc6 6. Nd5 Nxd5 7. Bxd5 Be6 8. O-O
Bxd5 9. exd5 Ne7 10. c4 Nf5 11. Qa4+ Qd7 12. Qb3 Rb8 13. Re1 Be7 14. h3 O-O 15.
Be3 Nxe3 16. Rxe3 c6 17. d4 exd4 18. Nxd4 c5 19. Ne2 Rfe8 20. Rg3 Bh4 21. Rg4
Bf6 22. Nf4 Bg5 23. Nh5 f5 24. Rg3 Re7 25. h4 Bxh4 26. Qc3 Bxg3 27. Qxg3 Rf8 28.
Qg6 f4 29. b3 Ref7 30. g4 Qe8 31. Qxd6 b6 32. Qg6 Qe7 33. d6 Qe5 34. Qd3 Qxa1+
35. Kg2 Rd8 36. a4 Qd4 37. Qb1 Qxd6 38. Qb2 f3+ 39. Kh3 Qd2 40. Qxd2 Rxd2 41.
Kg3 Rd3 42. Nf4 Rxb3 43. Ne6 Rd7 44. a5 bxa5 45. Nxc5 Rbd3 46. Nxd3 Rxd3 47. c5
Rc3 48. c6 Rxc6 49. Kxf3 a4 50. Kf4 a3 51. f3 a2 52. Ke4 a1=Q 53. f4 Qa3 54. f5
Qb4+ 55. Kd5 Rc5+ 56. Ke6 Qb6+ 57. Kd7 Rc7+ 58. Kd8 Qb8# 0-1

[Event "AUTO-OPEN-4539"]
[Site "http://www.queenalice.com/game.php?id=1840801"]
[Date "2024.7.24"]
[Round "1"]
[White "Danado"]
[Black "Chsilva"]
[Result "1-0"]
[WhiteElo "1728"]
[BlackElo "1754"]

1. d4 e6 2. Nf3 b6 3. Nc3 Nc6 4. Bf4 Nf6 5. Nb5 Nd5 6. Bg3 Ba6 7. Nc3 Bb4 8. Nd2
Nxd4 9. e3 Bxf1 10. Rxf1 Nxc3 11. bxc3 Bxc3 12. Rb1 Nf5 13. Rb3 Nxg3 14. fxg3
Bxd2+ 15. Qxd2 O-O 16. Rf2 c5 17. Rd3 d5 18. e4 d4 19. c3 e5 20. h3 Qd7 21. cxd4
exd4 22. Kf1 Rfe8 23. Rf4 Qc6 24. Rg4 Rxe4 25. Rxe4 Qxe4 26. Kg1 c4 27. Rxd4
Qb1+ 28. Kh2 h6 29. Rxc4 a5 30. a4 Re8 31. g4 Re1 32. Kg3 Rf1 33. Rc8+ Kh7 34.
Rc7 Rh1 35. Rxf7 Qb3+ 36. Rf3 Qxa4 37. Qd3+ Kg8 38. Rf4 Qc6 39. Re4 Qc7+ 40. Kf3
Qf7+ 41. Kg3 Rf1 42. Rd4 Qc7+ 43. Kh4 Qe7+ 44. Kg3 g5 45. Qxf1 Qe3+ 46. Kh2 Qxd4
47. Qb1 Qd6+ 48. Kh1 Qc5 49. Qg6+ Kh8 50. Qxh6+ Kg8 51. h4 gxh4 52. Qxh4 b5 53.
g5 b4 54. Qh6 Qf8 55. Qe6+ Qf7 56. Qe5 Qh7+ 57. Kg1 a4 58. Qb8+ Kg7 59. Qxb4 Qd3
60. Qxa4 Qe3+ 61. Kh2 Qxg5 62. g3 Qh5+ 63. Qh4 Qe2+ 64. Kh3 Qf1+ 65. Kg4 Qe2+
66. Kh3 Qe6+ 67. Qg4+ Qxg4+ 68. Kxg4 Kg6 69. Kf4 Kh5 70. g4+ Kg6 71. g5 Kg7 72.
Kf5 Kh7 73. Kf6 Kg8 74. Kg6 Kh8 75. Kf7 Kh7 76. g6+ Kh8 77. g7+ Kh7 78. g8=Q+
Kh6 79. Qg4 Kh7 80. Qg7# 1-0

[Event "AUTO-OPEN-4539"]
[Site "http://www.queenalice.com/game.php?id=1840803"]
[Date "2024.7.24"]
[Round "1"]
[White "Ruusgugg"]
[Black "Chsilva"]
[Result "0-1"]
[WhiteElo "1291"]
[BlackElo "1752"]

1. d4 Nf6 2. b3 c5 3. d5 Ne4 4. c4 e5 5. f3 Qa5+ 6. Nd2 Nxd2 7. Bxd2 Qb6 8. f4
Qf6 9. Bc3 Qxf4 10. g3 Qe4 11. Nf3 d6 12. Bg2 Qg4 13. b4 Qxc4 14. Qd2 Na6 15. a3
Be7 16. Rc1 Qe4 17. h4 cxb4 18. axb4 Nc7 19. O-O Nxd5 20. Ng5 Qe3+ 21. Kh1 Qxg3
22. Nxf7 Qxh4+ 23. Kg1 Rf8 24. Nxd6+ Bxd6 25. Qxd5 Qe7 26. Rxf8+ Qxf8 27. Rf1
Qe7 28. Qg8+ Kd7 29. b5 Bc5+ 30. Kh1 Qh4+ 31. Bh3+ Qxh3# 0-1

[Event "Challenge"]
[Site "http://www.queenalice.com/game.php?id=1841665"]
[Date "2024.8.10"]
[Round "-"]
[White "leoreis"]
[Black "Chsilva"]
[Result "1-0"]
[WhiteElo "1700"]
[BlackElo "1737"]

1. d4 d5 2. c4 e6 3. Nc3 Bb4 4. Bd2 dxc4 5. e3 Nf6 6. a3 Bxc3 7. Bxc3 Qd5 8. f3
Nc6 9. Ne2 Bd7 10. Nf4 Qd6 11. Bxc4 O-O 12. O-O a6 13. d5 exd5 14. Nxd5 Nxd5 15.
Bxd5 Be6 16. Bxe6 Qxe6 17. e4 Rad8 18. Qc2 Ne5 19. Bxe5 Qxe5 20. Rfc1 c6 21. Qb3
c5 22. Qxb7 Rb8 23. Qxa6 Rxb2 24. Qf1 Rc8 25. a4 Ra8 26. a5 Qd4+ 27. Kh1 h6 28.
a6 Rf2 29. Qe1 c4 30. Rd1 Qc5 31. Qc3 Re2 32. Rd2 Qf2 33. Rxe2 Qxe2 34. Qd4 Rxa6
35. Rxa6 c3 36. Ra8+ Kh7 37. h3 Qb2 38. Rc8 Qb1+ 39. Kh2 c2 40. Qd2 f6 41. Qxc2
Qb6 42. e5+ f5 43. Qxf5+ Qg6 44. Rh8+ 1-0